Advances in Bioinformatics and Computational Biology 11th Brazilian Symposium on Bioinformatics, BSB 2018, Niterói, Brazil, October 30 - November 1, 2018, Proceedings /

This book constitutes the refereed proceedings of the 11th Brazilian Symposium on Bioinformatics, BSB 2018, held in Rio de Janeiro, Brazil, in October/November 2018. The 13 revised full papers presented were carefully reviewed and selected from 26 submissions. The papers cover all aspects of bioinfo...

Full description

Bibliographic Details
Corporate Author: SpringerLink (Online service)
Other Authors: Alves, Ronnie (Editor, http://id.loc.gov/vocabulary/relators/edt)
Format: Electronic eBook
Language:English
Published: Cham : Springer International Publishing : Imprint: Springer, 2018.
Edition:1st ed. 2018.
Series:Lecture Notes in Bioinformatics ; 11228
Subjects:
Online Access:Full Text via HEAL-Link
LEADER 03871nam a2200565 4500
001 978-3-030-01722-4
003 DE-He213
005 20191026221912.0
007 cr nn 008mamaa
008 181001s2018 gw | s |||| 0|eng d
020 |a 9783030017224  |9 978-3-030-01722-4 
024 7 |a 10.1007/978-3-030-01722-4  |2 doi 
040 |d GrThAP 
050 4 |a QH324.2-324.25 
072 7 |a PSA  |2 bicssc 
072 7 |a COM014000  |2 bisacsh 
072 7 |a PSA  |2 thema 
072 7 |a UB  |2 thema 
082 0 4 |a 570.285  |2 23 
245 1 0 |a Advances in Bioinformatics and Computational Biology  |h [electronic resource] :  |b 11th Brazilian Symposium on Bioinformatics, BSB 2018, Niterói, Brazil, October 30 - November 1, 2018, Proceedings /  |c edited by Ronnie Alves. 
250 |a 1st ed. 2018. 
264 1 |a Cham :  |b Springer International Publishing :  |b Imprint: Springer,  |c 2018. 
300 |a XII, 147 p. 43 illus.  |b online resource. 
336 |a text  |b txt  |2 rdacontent 
337 |a computer  |b c  |2 rdamedia 
338 |a online resource  |b cr  |2 rdacarrier 
347 |a text file  |b PDF  |2 rda 
490 1 |a Lecture Notes in Bioinformatics ;  |v 11228 
505 0 |a Sorting λ-Permutations by λ-Operations -- Super Short Reversals on Both Gene Order and Intergenic Sizes -- Identifying Maximal Perfect Haplotype Blocks -- Sorting by Weighted Reversals and Transpositions -- Graph databases in Molecular Biology -- ViMT - Development of a Web-based Vivarium Management Tool -- An argumentation theory-based multiagent model to annotate proteins -- AutoModel: a client-server tool for intuitive and interactive homology modeling of protein-ligand complexes -- Detecting Acute Lymphoblastic Leukemia in Down Syndrome Patients using Convolutional Neural Networks on Preprocessed Mutated Datasets -- S2FS: Single score feature selection applied to the problem of distinguishing long non-coding RNAs from protein coding transcripts -- A Genetic Algorithm for Character State Live Phylogeny -- A workflow for predicting microRNAs targets via accessibility in Flavivirus genomes -- Parallel solution based on collective communication operations for phylogenetic bootstrapping in PhyML 3.0. 
520 |a This book constitutes the refereed proceedings of the 11th Brazilian Symposium on Bioinformatics, BSB 2018, held in Rio de Janeiro, Brazil, in October/November 2018. The 13 revised full papers presented were carefully reviewed and selected from 26 submissions. The papers cover all aspects of bioinformatics and computational biology. 
650 0 |a Bioinformatics. 
650 0 |a Artificial intelligence. 
650 0 |a Computer science-Mathematics. 
650 0 |a Numerical analysis. 
650 0 |a Software engineering. 
650 1 4 |a Computational Biology/Bioinformatics.  |0 http://scigraph.springernature.com/things/product-market-codes/I23050 
650 2 4 |a Artificial Intelligence.  |0 http://scigraph.springernature.com/things/product-market-codes/I21000 
650 2 4 |a Discrete Mathematics in Computer Science.  |0 http://scigraph.springernature.com/things/product-market-codes/I17028 
650 2 4 |a Numeric Computing.  |0 http://scigraph.springernature.com/things/product-market-codes/I1701X 
650 2 4 |a Software Engineering/Programming and Operating Systems.  |0 http://scigraph.springernature.com/things/product-market-codes/I14002 
700 1 |a Alves, Ronnie.  |e editor.  |0 (orcid)0000-0003-4139-0562  |1 https://orcid.org/0000-0003-4139-0562  |4 edt  |4 http://id.loc.gov/vocabulary/relators/edt 
710 2 |a SpringerLink (Online service) 
773 0 |t Springer eBooks 
776 0 8 |i Printed edition:  |z 9783030017217 
776 0 8 |i Printed edition:  |z 9783030017231 
830 0 |a Lecture Notes in Bioinformatics ;  |v 11228 
856 4 0 |u https://doi.org/10.1007/978-3-030-01722-4  |z Full Text via HEAL-Link 
912 |a ZDB-2-SCS 
912 |a ZDB-2-LNC 
950 |a Computer Science (Springer-11645)